Score 0/20 Timer 02:00
4 Plays Today
Rapper Missing Word % Correct
EminemSlim
98.2%
EminemYourself
93.8%
EminemWay
92.4%
EminemName
89.3%
Jay-ZState
87.5%
Jay-ZProblems
85.7%
Jay-ZClyde
83.6%
Notorious B.I.GMoney
81.1%
Jay-ZLife
80.7%
Tupac ShakurLove
73.3%
Rapper Missing Word % Correct
EminemAfraid
56.8%
Tupac ShakurUp
56.3%
Notorious B.I.GPoppa
52.7%
Tupac ShakurDear
48.9%
Tupac ShakurBaby
46.5%
Tupac ShakurHail
45.2%
Jay-ZIzzo
41.2%
Notorious B.I.GCali
36%
Notorious B.I.GSky's
27.1%
Notorious B.I.GThugs
21.4%

Today's Daily Dose

Remove Ads.
Support Sporcle.
Get the best of Sporcle when you Go Orange. This ad-free experience offers more features, more stats, and more fun while also helping to support Sporcle. Thank you for becoming a member.

You're not logged in!

Compare scores with friends on all Sporcle quizzes.
OR
Log In

Show Comments

Extras

Top Quizzes Today


Score Distribution

Your Account Isn't Verified!

In order to create a playlist on Sporcle, you need to verify the email address you used during registration. Go to your Sporcle Settings to finish the process.

Report this User

Report this user for behavior that violates our Community Guidelines.

Details: